Understanding dBase IV

Bibliographic Details
Main Author: Simpson, Alan
Format: Book
Published: Singapore : Tech Publ. , 1989
Subjects:

MARC

LEADER 00000cam a2200000 7i4500
001 0000009429
005 20161124.0
020 |a 9813091320 
040 |a INS 
090 0 0 |a QA76.9.D3   |b S56 1989 
100 1 |a Simpson, Alan 
245 1 0 |a Understanding dBase IV   |c Alan Simpson 
260 |a Singapore :   |b Tech Publ. ,   |c 1989 
300 |a 880p :   |b ill. ;   |c 23cm. 
650 0 0 |a Computer programs 
650 0 0 |a Database management 
650 0 0 |a dBASE IV (Computer file) 
999 |a 0000022675   |b BOOK   |c Open Shelf   |e Default branch